Acerca de la necesidad de la regla de la carga de la prueba / (Registro nro. 5283)
[ vista simple ]
| 000 -LEADER | |
|---|---|
| fixed length control field | 01302nab a22002297a 4500 |
| 003 - CONTROL NUMBER IDENTIFIER | |
| control field | OSt |
| 005 - DATE AND TIME OF LATEST TRANSACTION | |
| control field | 20250213125856.0 |
| 008 - FIXED-LENGTH DATA ELEMENTS--GENERAL INFORMATION | |
| fixed length control field | 190604e xxu||||| |||| 00| 0 spa d |
| 040 ## - CATALOGING SOURCE | |
| Transcribing agency | PJ |
| 100 ## - MAIN ENTRY--PERSONAL NAME | |
| 9 (RLIN) | 6080 |
| Personal name | Fornetti, Omar Esteban |
| 245 10 - TITLE STATEMENT | |
| Title | Acerca de la necesidad de la regla de la carga de la prueba / |
| Statement of responsibility, etc | Omar Esteban Fornetti. |
| 260 ## - PUBLICATION, DISTRIBUTION, ETC. (IMPRINT) | |
| Place of publication, distribution, etc | Ciudad Autónoma de Buenos Aires : |
| Name of publisher, distributor, etc | Thomson Reuters La Ley, |
| Date of publication, distribution, etc | 2025. |
| 300 ## - PHYSICAL DESCRIPTION | |
| Extent | p. 16-24 |
| 500 ## - GENERAL NOTE | |
| General note | Cita Online: LA LEY AR/DOC/2695/2024. |
| 505 ## - FORMATTED CONTENTS NOTE | |
| Formatted contents note | Sumario: I. Una historia breve.— II. Introducción.— III. Breves consideraciones.— IV. Los sistemas de "carga de la prueba".— V. La importancia de la regla objetiva.— VI. La carga de la prueba como regla de juicio.— VII. La carga de la prueba como regla de conducta de las partes en el proceso.— VIII. La regla de la carga de la prueba como guía para la "teoría del caso".— IX. Conclusiones.<br/> |
| 505 ## - FORMATTED CONTENTS NOTE | |
| Title | ¿Te interesa el texto completo? Solicitalo al correo: koha@justierradelfuego.gov.ar<br/> |
| 650 #0 - SUBJECT ADDED ENTRY--TOPICAL TERM | |
| Topical term or geographic name as entry element | DERECHO PROCESAL |
| 9 (RLIN) | 267 |
| 650 #0 - SUBJECT ADDED ENTRY--TOPICAL TERM | |
| Topical term or geographic name as entry element | PRUEBA |
| 9 (RLIN) | 1975 |
| 650 #0 - SUBJECT ADDED ENTRY--TOPICAL TERM | |
| Topical term or geographic name as entry element | CARGA DE LA PRUEBA |
| 9 (RLIN) | 3927 |
| 773 0# - HOST ITEM ENTRY | |
| Host Biblionumber | 2714 |
| Host Itemnumber | 3171 |
| Place, publisher, and date of publication | Ciudad Autónoma de Buenos Aires : Thomson Reuters La Ley, 2014- |
| Title | Revista anales de legislación argentina. Nº 2 - Febrero 2025. |
| 942 ## - ADDED ENTRY ELEMENTS (KOHA) | |
| Source of classification or shelving scheme | |
| Koha item type | Analítica Artículo de Revista |
No hay ítems disponibles.
